000 01324nam a2200373 i 4500
001 11535
003 KOSZ 005
005 20200630132824.0
008 071024s1968 pl a f 001 0 pol
015 _aPB 1968/3633
040 _aWA N
_cKOSZ 005/RW
_dKOSZ 005/RW
_dKOSZ 005/HR
041 1 _apol
_heng
046 _k1968
080 _a539.1
100 1 _aLagowski, Joseph J.
_d(1930-?).
_eAutor
245 1 0 _aBudowa atomów /
_cJ. J. Lagowski ; tłumaczenie Michał Balasiewicz.
246 1 _iTytuł oryginału:
_aStructure of atoms.
260 _aWarszawa :
_bPaństwowe Wydawnictwo Naukowe,
_c1968.
300 _a166, [2] stron :
_bilustracje ;
_c18 cm.
336 _2rdacontent
_aTekst
_btxt
337 _2rdamedia
_aBez urządzenia pośredniczącego
_bn
338 _2rdacarrier
_aWolumin
_bnc
380 _aKsiążki.
388 _a1901-2000
500 _aTytuł oryginału: The structure of atoms.
504 _aBibliografia na stronach 159-[160]. Indeks.
650 4 _aAtom
650 4 _aFizyka atomowa
658 _aFizyka i astronomia
700 1 _aBalasiewicz, Michał.
_eTłumaczenie
710 2 _aPaństwowe Wydawnictwo Naukowe
_4pbl.
856 _uhttp://koha.tu.koszalin.pl/cgi-bin/koha/opac-detail.pl?biblionumber=11535
_yKatalog online BPK
942 _2UKD
_cKS
999 _c11535
_d11535